000 01576nam2a2200325 4500
001 RU\NLR\BIBL_A\011267900
005 20250630154401.0
010 _a978-5-93255-465-4
_91000
021 _aRU
_b2016-82745
_95406
035 _a(NLR Aleph) 011267900
090 _a10805777
_c10805777
100 _a20161111d2016 |||y0rusy50 ca
101 1 _arus
_cger
102 _aRU
105 _ay|||z|||000zy
200 0 _aII-VI
_e(черные тетради, 1931-1938)
210 _d2016
215 _a583 с.
300 _aВ тексте аннот.: 94-й том Собрания сочинений М. Хайдеггера, перевод которого мы вам предлагаем...
309 _aНа корешке суперобл.: 1
320 _aБиблиогр. в подстроч. примеч.
461 0 _1001RU\NLR\BIBL_A\011615321
_12001#$aРазмышления$fМартин Хайдеггер$gпер. с нем. Алексея Б. Григорьева$gпод науч. ред. Михаила Маяцкого$vII-VI
_1700#1$aХайдеггер$bМ.$f1889-1976$gМартин$3RU\NLR\AUTH\7711191
_910955471
_aХайдеггер, М. (1889-1976)
_cМосква
_d2016
_fМартин Хайдеггер
_nИзд-во Ин-та Гайдара
_tРазмышления
_vII-VI
517 1 _a(Черные тетради, 1931-1938)
606 1 _aЭкзистенциализм
_yГермания
_91964542
_3RU\NLR\AUTH\661186882
686 1 _aЮ3(4Ф)6-663
942 _cBOOK
980 _aNBR
980 _aNB